| 000 | 00920nam a2200325Ia 4500 | ||
|---|---|---|---|
| 003 | OSt | ||
| 005 | 20220912150157.0 | ||
| 006 | a|||||r|||| 00| 0 | ||
| 007 | ta | ||
| 008 | 220909b |||||||| |||| 00| 0 eng d | ||
| 020 | _a0393924998 (hbd) | ||
| 024 | _a13820 | ||
| 037 | _b415, 18/03/2005, Vardhman Books | ||
| 037 | _cTextbook | ||
| 040 |
_aCSL _beng _cCSL |
||
| 041 | _aeng | ||
| 082 | _aB2891, P4 TB | ||
| 100 | _aDixit Avinash | ||
| 245 | 0 | _aGames of strategy | |
| 250 | _a2 | ||
| 260 |
_aNew York _b W W Norton & Company _c2004 |
||
| 300 |
_axxii, 665p. _ccm. |
||
| 500 |
_aGlossary 629-646p. _ccm.; Index 647-665p. _ccm. |
||
| 650 | _a Decision making | ||
| 650 | _a Policy science | ||
| 650 | _aGame theory | ||
| 700 | _a Skeath Susan | ||
| 942 |
_hB2891, P4 TB _cTB _2CC |
||
| 999 |
_c41332 _d41332 |
||